[Event "Wch U16"]
[Site "Kemer"]
[Date "2007.11.19"]
[Round "2"]
[White "Barbosa, Evandro Amorim"]
[Black "Hovhannisyan, Robert"]
[Result "0-1"]
[WhiteElo "2135"]
[BlackElo "2273"]
[PlyCount "109"]
[EventDate "2007.11.18"]
[EventType "swiss"]
[EventRounds "11"]
[EventCountry "TUR"]
[SourceTitle "CBM 121 Extra"]
[Source "ChessBase"]
[SourceDate "2008.01.10"]
[SourceVersion "1"]
[SourceVersionDate "2008.01.10"]
[SourceQuality "1"]

1. e4 e5 2. Nf3 Nf6 3. d4 Nxe4 4. Bd3 Nc6 5. Nxe5 Nc5 6. c3 Nxe5 7. dxe5 Nxd3+
8. Qxd3 d6 9. O-O Be7 10. Qg3 dxe5 11. Qxg7 Bf6 12. Qg3 Bf5 13. Re1 Qd3 14.
Qxd3 Bxd3 15. Bf4 O-O-O 16. Bxe5 Rhe8 17. f4 Bxe5 18. fxe5 Bg6 19. Na3 Rd5 20.
Rad1 Rexe5 21. Kf2 Rf5+ 22. Kg1 Rfe5 23. Kf2 Rxe1 24. Rxe1 b5 25. c4 Rf5+ 26.
Kg3 a6 27. cxb5 axb5 28. Rc1 Rd5 29. Nb1 b4 30. a3 Rd3+ 31. Kh4 Rb3 32. axb4
Rxb2 33. Nc3 Rxg2 34. h3 Kd7 35. Nd5 c6 36. Nb6+ Kc7 37. Nc4 Re2 38. Na5 Bc2
39. Rf1 f5 40. Kg5 Kb6 41. Kh6 c5 42. Nc4+ Kb5 43. Na3+ Kxb4 44. Nxc2+ Rxc2 45.
h4 Rh2 46. h5 c4 47. Rxf5 c3 48. Rf7 c2 49. Rc7 Kb3 50. Rb7+ Kc3 51. Rc7+ Kd2
52. Rd7+ Ke1 53. Rc7 Kd1 54. Rd7+ Ke2 55. Rc7 0-1

[Event "Wch U16"]
[Site "Kemer"]
[Date "2007.11.21"]
[Round "4"]
[White "Barbosa, Evandro Amorim"]
[Black "Mammadov, Ayaz Arzu"]
[Result "0-1"]
[WhiteElo "2135"]
[BlackElo "2247"]
[PlyCount "38"]
[EventDate "2007.11.18"]
[EventType "swiss"]
[EventRounds "11"]
[EventCountry "TUR"]
[SourceTitle "CBM 121 Extra"]
[Source "ChessBase"]
[SourceDate "2008.01.10"]
[SourceVersion "1"]
[SourceVersionDate "2008.01.10"]
[SourceQuality "1"]

1. e4 e6 2. d4 d5 3. e5 c5 4. c3 Qb6 5. Nf3 Bd7 6. a3 Bb5 7. b4 cxd4 8. Bxb5+
Qxb5 9. cxd4 Nd7 10. Nc3 Qc6 11. Na4 Rc8 12. Nc5 Nb6 13. O-O Nc4 14. Be3 Ne7
15. Nd2 Nf5 16. Qe2 b6 17. Nd3 Be7 18. Nf4 O-O 19. Nxc4 Qxc4 0-1

[Event "Wch U16"]
[Site "Kemer"]
[Date "2007.11.22"]
[Round "6"]
[White "Barbosa, Evandro Amorim"]
[Black "Kulakov, Viacheslav"]
[Result "0-1"]
[WhiteElo "2135"]
[BlackElo "2261"]
[PlyCount "166"]
[EventDate "2007.11.18"]
[EventType "swiss"]
[EventRounds "11"]
[EventCountry "TUR"]
[SourceTitle "CBM 121 Extra"]
[Source "ChessBase"]
[SourceDate "2008.01.10"]
[SourceVersion "1"]
[SourceVersionDate "2008.01.10"]
[SourceQuality "1"]

1. e4 c6 2. d4 d5 3. exd5 cxd5 4. c4 Nf6 5. Nc3 Nc6 6. Nf3 Bg4 7. cxd5 Nxd5 8.
Qb3 Bxf3 9. gxf3 Nb6 10. Be3 e6 11. O-O-O Bb4 12. d5 exd5 13. Nxd5 Nxd5 14.
Rxd5 Qc7 15. Kb1 O-O 16. f4 Bd6 17. Qc4 Rfd8 18. Bg2 Qe7 19. Rhd1 Qf6 20. Be4
g6 21. f5 Bxh2 22. fxg6 hxg6 23. Bg5 Rxd5 24. Qxd5 Qxf2 25. Bxg6 Re8 26. Bh4
Qf4 27. Bg5 Qc7 28. Qf5 Re6 29. Bh7+ Kg7 30. Qh3 Qg3 31. Qh5 Rd6 32. Rxd6 Qxd6
33. Bc2 Be5 34. Qh7+ Kf8 35. Qf5 Nd4 36. Qc8+ Kg7 37. Be4 Ne6 38. Bc1 b6 39.
Qc2 a5 40. Qg2+ Kf8 41. Bf5 Bf4 42. Bxe6 Qxe6 43. Qa8+ Kg7 44. Qg2+ Kf6 45.
Bxf4 Qf5+ 46. Ka1 Qxf4 47. Qc6+ Kg5 48. a3 f5 49. Qxb6 Qc1+ 50. Ka2 Qc4+ 51.
Ka1 f4 52. Qd8+ Kg4 53. Qd7+ Kg3 54. Qg7+ Kf2 55. Qa7+ Kf1 56. Qb7 Kf2 57. Qa7+
Ke2 58. Qe7+ Kd3 59. Qd6+ Qd4 60. Qg6+ Qe4 61. Qa6+ Qc4 62. Qg6+ Qe4 63. Qa6+
Ke3 64. Qb6+ Ke2 65. Qb5+ Kf2 66. Qc5+ Kf1 67. Qb5+ Qe2 68. Qf5 f3 69. Qh3+ Ke1
70. Qh5 a4 71. Qa5+ Qd2 72. Qe5+ Kd1 73. Qh5 Qe1 74. Ka2 Qe6+ 75. Ka1 Qe4 76.
Qh1+ Qe1 77. Qh7 f2 78. Qd3+ Kc1 79. Qc4+ Kd2+ 80. Ka2 f1=Q 81. Qc3+ Kd1 82.
Qd4+ Qd2 83. Qg4+ Kc1 0-1

[Event "Wch U16"]
[Site "Kemer"]
[Date "2007.11.25"]
[Round "8"]
[White "Barbosa, Evandro Amorim"]
[Black "Laitinen, Mika"]
[Result "1-0"]
[WhiteElo "2135"]
[BlackElo "1985"]
[PlyCount "69"]
[EventDate "2007.11.18"]
[EventType "swiss"]
[EventRounds "11"]
[EventCountry "TUR"]
[SourceTitle "CBM 121 Extra"]
[Source "ChessBase"]
[SourceDate "2008.01.10"]
[SourceVersion "1"]
[SourceVersionDate "2008.01.10"]
[SourceQuality "1"]

1. e4 c5 2. Nf3 Nc6 3. c3 Nf6 4. e5 Nd5 5. d4 cxd4 6. Bc4 e6 7. cxd4 d6 8. O-O
Be7 9. Qe2 O-O 10. Nc3 Nxc3 11. bxc3 Qc7 12. Bd3 dxe5 13. dxe5 b6 14. Qe4 g6
15. Bh6 Rd8 16. Rad1 Bb7 17. Qf4 Rd5 18. Rfe1 Rad8 19. Bc2 Rxd1 20. Bxd1 Rd3
21. h4 Nd8 22. c4 Bxf3 23. Bxf3 Bb4 24. Qf6 Bf8 25. Bxf8 Kxf8 26. h5 gxh5 27.
Re4 Nc6 28. Bxh5 Nd4 29. Qh8+ Ke7 30. Bxf7 Qc6 31. Qxh7 Nf5 32. Bxe6+ Kxe6 33.
Qg6+ Kd7 34. Qxf5+ Ke8 35. Rh4 1-0

[Event "Mineiro-ch"]
[Site "Sao Sebastiao"]
[Date "2008.01.04"]
[Round "1"]
[White "Viana, Julio Lapertosa"]
[Black "Barbosa, Evandro Amorim"]
[Result "1/2-1/2"]
[WhiteElo "2104"]
[BlackElo "2130"]
[PlyCount "73"]
[EventDate "2008.01.04"]
[EventType "tourn"]
[EventRounds "11"]
[EventCountry "BRA"]
[SourceTitle "CBM 122 Extra"]
[Source "ChessBase"]
[SourceDate "2008.03.04"]
[SourceVersion "1"]
[SourceVersionDate "2008.03.04"]
[SourceQuality "1"]

1. Nf3 Nf6 2. c4 g6 3. Nc3 Bg7 4. d4 O-O 5. e4 d6 6. Be2 e5 7. d5 a5 8. Bg5 h6
9. Bh4 Na6 10. Nd2 Qe8 11. a3 Bd7 12. b3 Nh7 13. O-O h5 14. f3 Bh6 15. Kh1 Be3
16. Qc2 f5 17. exf5 gxf5 18. Bf2 Bxf2 19. Rxf2 Kh8 20. f4 e4 21. Nf1 Nf6 22.
Ne3 Qg6 23. Rg1 Nc5 24. b4 axb4 25. axb4 Na4 26. Nxa4 Rxa4 27. Qb2 Rfa8 28.
Bxh5 Qg7 29. Bd1 Ra3 30. Nc2 Ra2 31. Qc3 Kg8 32. Re2 Kf7 33. Re3 Ba4 34. Rg3
Qh7 35. Rh3 Qg6 36. Rg3 Qh7 37. Rh3 1/2-1/2

[Event "Mineiro-ch"]
[Site "Sao Sebastiao"]
[Date "2008.01.05"]
[Round "3"]
[White "Dos Santos Neto, Francisco Jose"]
[Black "Barbosa, Evandro Amorim"]
[Result "1/2-1/2"]
[WhiteElo "2194"]
[BlackElo "2130"]
[PlyCount "87"]
[EventDate "2008.01.04"]
[EventType "tourn"]
[EventRounds "11"]
[EventCountry "BRA"]
[SourceTitle "CBM 122 Extra"]
[Source "ChessBase"]
[SourceDate "2008.03.04"]
[SourceVersion "1"]
[SourceVersionDate "2008.03.04"]
[SourceQuality "1"]

1. Nf3 Nf6 2. d4 d5 3. Bf4 c5 4. e3 Nc6 5. c3 Qb6 6. Qb3 c4 7. Qxb6 axb6 8.
Nbd2 b5 9. Ne5 e6 10. Nxc6 bxc6 11. Be2 b4 12. O-O bxc3 13. bxc3 Ra3 14. Nb1
Ra4 15. Bd1 Ra5 16. a4 Kd7 17. Nd2 Bd6 18. Bxd6 Kxd6 19. Bc2 c5 20. Rfb1 cxd4
21. exd4 Bd7 22. Rb4 Kc7 23. Nf3 Rha8 24. Ne5 Be8 25. Rab1 R5a7 26. g3 Nd7 27.
f4 Nb8 28. Kf2 Nc6 29. Nxc6 Bxc6 30. Ke3 Kc8 31. Ra1 Kc7 32. Kd2 Kd6 33. Kc1 f6
34. Kb2 Re7 35. Re1 e5 36. fxe5+ fxe5 37. Rxe5 Rxe5 38. dxe5+ Kxe5 39. Ka3 Kd6
40. Rb1 Rf8 41. Bxh7 Rh8 42. Bf5 Rxh2 43. Rb8 Rg2 44. g4 1/2-1/2

[Event "Mineiro-ch"]
[Site "Sao Sebastiao"]
[Date "2008.01.05"]
[Round "4"]
[White "Barbosa, Evandro Amorim"]
[Black "Molina, Roberto Junio Brito"]
[Result "1/2-1/2"]
[WhiteElo "2130"]
[BlackElo "2348"]
[PlyCount "53"]
[EventDate "2008.01.04"]
[EventType "tourn"]
[EventRounds "11"]
[EventCountry "BRA"]
[SourceTitle "CBM 122 Extra"]
[Source "ChessBase"]
[SourceDate "2008.03.04"]
[SourceVersion "1"]
[SourceVersionDate "2008.03.04"]
[SourceQuality "1"]

1. e4 c6 2. d4 d5 3. Nc3 dxe4 4. Nxe4 Nd7 5. Ng5 Ngf6 6. Bd3 e6 7. N1f3 Bd6 8.
Qe2 h6 9. Ne4 Nxe4 10. Qxe4 Qc7 11. O-O b6 12. Qg4 Kf8 13. b3 Bb7 14. Bb2 Nf6
15. Qh4 c5 16. dxc5 Qxc5 17. Bxf6 gxf6 18. Qxf6 Qh5 19. Be2 Rg8 20. g3 Rg6 21.
Nh4 Rxf6 22. Bxh5 Ke7 23. Be2 Bc5 24. Rad1 Rc8 25. c4 Rg8 26. Ng2 Bxg2 27. Kxg2
1/2-1/2

[Event "Mineiro-ch"]
[Site "Sao Sebastiao"]
[Date "2008.01.06"]
[Round "5"]
[White "Freitas, Julio Eimard"]
[Black "Barbosa, Evandro Amorim"]
[Result "0-1"]
[WhiteElo "1991"]
[BlackElo "2130"]
[PlyCount "86"]
[EventDate "2008.01.04"]
[EventType "tourn"]
[EventRounds "11"]
[EventCountry "BRA"]
[SourceTitle "CBM 122 Extra"]
[Source "ChessBase"]
[SourceDate "2008.03.04"]
[SourceVersion "1"]
[SourceVersionDate "2008.03.04"]
[SourceQuality "1"]

1. d4 Nf6 2. c4 g6 3. g3 Bg7 4. Bg2 O-O 5. Nc3 d6 6. Nf3 Nc6 7. O-O a6 8. h3
Rb8 9. Bg5 h6 10. Be3 b5 11. cxb5 axb5 12. Qc1 h5 13. Nxb5 Rxb5 14. Qxc6 Rxb2
15. Rfc1 Ne8 16. Qc3 Rb8 17. Qd2 Ba6 18. Rc2 c5 19. Bh6 c4 20. Bxg7 Kxg7 21. e4
Nf6 22. Nh4 e6 23. d5 e5 24. Qg5 Kh7 25. Qe3 Nd7 26. Nf3 Qa5 27. Bf1 Rfc8 28.
Qg5 f6 29. Qc1 Nc5 30. Nd2 Nd3 31. Bxd3 cxd3 32. Rc6 Rxc6 33. dxc6 Rc8 34. Nb3
Qb6 35. Qe3 Qxe3 36. fxe3 Rxc6 37. Kf2 Rc2+ 38. Kf3 Bb7 39. g4 h4 40. Rb1 f5
41. gxf5 gxf5 42. Nd2 Bc6 43. Rd1 Rxa2 0-1

[Event "Mineiro-ch"]
[Site "Sao Sebastiao"]
[Date "2008.01.06"]
[Round "6"]
[White "Barbosa, Evandro Amorim"]
[Black "Castelo, Branco Nelson"]
[Result "1/2-1/2"]
[WhiteElo "2130"]
[BlackElo "2108"]
[PlyCount "164"]
[EventDate "2008.01.04"]
[EventType "tourn"]
[EventRounds "11"]
[EventCountry "BRA"]
[SourceTitle "CBM 122 Extra"]
[Source "ChessBase"]
[SourceDate "2008.03.04"]
[SourceVersion "1"]
[SourceVersionDate "2008.03.04"]
[SourceQuality "1"]

1. e4 c5 2. Nf3 Nc6 3. d4 cxd4 4. Nxd4 e6 5. Nc3 Nf6 6. Ndb5 d6 7. Bf4 e5 8.
Bg5 a6 9. Na3 Be7 10. Nc4 Be6 11. Bxf6 gxf6 12. Ne3 Rc8 13. Ncd5 O-O 14. c3 Re8
15. Qh5 Bf8 16. Rd1 Bg7 17. Nf5 Bxf5 18. Qxf5 b5 19. Be2 Rb8 20. Rd3 Re6 21.
Rg3 Kh8 22. Bg4 Ne7 23. Qh5 Nxd5 24. exd5 Re7 25. Bf5 Qg8 26. Rh3 h6 27. O-O e4
28. Qg4 Bf8 29. Qh4 Qg5 30. Bxe4 Rbe8 31. f3 Bg7 32. g4 Qf4 33. Qg3 Qe3+ 34.
Kh1 Re5 35. Qg2 Qf4 36. Rg3 R8e7 37. Rd1 Qe3 38. Qd2 Qxd2 39. Rxd2 h5 40. Rh3
Bh6 41. Rg2 Bf4 42. Kg1 Kg7 43. gxh5+ Kh6 44. Rg8 f5 45. Bd3 Re1+ 46. Kf2 Rd1
47. Bxf5 Rd2+ 48. Kf1 Rd1+ 49. Kf2 Ree1 50. Rhg3 Bxg3+ 51. hxg3 Re5 52. g4 Rxf5
53. gxf5 Rxd5 54. Ke3 Rxf5 55. Rh8+ Kg7 56. Ra8 Rxh5 57. Rxa6 Rd5 58. Ra5 Kf6
59. f4 Ke6 60. a4 bxa4 61. Rxa4 Rd1 62. Rd4 Rb1 63. Rd2 Rf1 64. b4 d5 65. Rf2
Rd1 66. Rh2 Re1+ 67. Re2 Rf1 68. Rf2 Re1+ 69. Kf3 Kf5 70. Rd2 Rf1+ 71. Ke2 Rc1
72. Rxd5+ Kxf4 73. Kd3 f5 74. Kc4 Ke4 75. Rd4+ Ke3 76. b5 f4 77. Rd8 f3 78. b6
f2 79. Rf8 f1=Q+ 80. Rxf1 Rxf1 81. Kc5 Kd3 82. b7 Rb1 1/2-1/2

[Event "Mineiro-ch"]
[Site "Sao Sebastiao"]
[Date "2008.01.07"]
[Round "7"]
[White "Campos, Igor Ribeiro"]
[Black "Barbosa, Evandro Amorim"]
[Result "0-1"]
[WhiteElo "2048"]
[BlackElo "2130"]
[PlyCount "48"]
[EventDate "2008.01.04"]
[EventType "tourn"]
[EventRounds "11"]
[EventCountry "BRA"]
[SourceTitle "CBM 122 Extra"]
[Source "ChessBase"]
[SourceDate "2008.03.04"]
[SourceVersion "1"]
[SourceVersionDate "2008.03.04"]
[SourceQuality "1"]

1. e4 c5 2. Nc3 Nc6 3. Nf3 Nf6 4. d4 cxd4 5. Nxd4 e5 6. Nf5 d5 7. exd5 Bxf5 8.
dxc6 bxc6 9. Qf3 Qd7 10. Bb5 e4 11. Qxf5 Qxf5 12. Bxc6+ Kd8 13. Bxa8 Bc5 14.
O-O Kc7 15. Nb5+ Kb6 16. b4 Rxa8 17. c4 Be7 18. a4 Kb7 19. c5 Qe5 20. Ra3 Nd5
21. Rb3 Nf4 22. Kh1 Qd5 23. Re3 Qc4 24. Rd1 Rd8 0-1

[Event "Mineiro-ch"]
[Site "Sao Sebastiao"]
[Date "2008.01.07"]
[Round "8"]
[White "Cassemiro Marques, Joao Paulo"]
[Black "Barbosa, Evandro Amorim"]
[Result "0-1"]
[WhiteElo "1534"]
[BlackElo "2130"]
[PlyCount "62"]
[EventDate "2008.01.04"]
[EventType "tourn"]
[EventRounds "11"]
[EventCountry "BRA"]
[SourceTitle "CBM 122 Extra"]
[Source "ChessBase"]
[SourceDate "2008.03.04"]
[SourceVersion "1"]
[SourceVersionDate "2008.03.04"]
[SourceQuality "1"]

1. e4 c5 2. Nf3 Nc6 3. d4 cxd4 4. Nxd4 Nf6 5. Nc3 e5 6. Ndb5 d6 7. Bg5 a6 8.
Na3 b5 9. Nd5 Be7 10. Bxf6 Bxf6 11. c4 b4 12. Nc2 a5 13. Be2 O-O 14. O-O Bg5
15. Bg4 Be6 16. Nce3 Rb8 17. b3 g6 18. f4 exf4 19. Nxf4 Qb6 20. Nxe6 Bxe3+ 21.
Kh1 fxe6 22. Bxe6+ Kh8 23. Qxd6 Qc5 24. Qxc5 Bxc5 25. Bd5 Ne5 26. g3 Kg7 27.
Kg2 Ng4 28. Rf4 Ne3+ 29. Kf3 g5 30. Rxf8 Rxf8+ 31. Ke2 Ng4 0-1

[Event "Mineiro-ch"]
[Site "Sao Sebastiao"]
[Date "2008.01.08"]
[Round "9"]
[White "Barbosa, Evandro Amorim"]
[Black "Batista, Gerson Peres"]
[Result "1/2-1/2"]
[WhiteElo "2130"]
[BlackElo "2211"]
[PlyCount "85"]
[EventDate "2008.01.04"]
[EventType "tourn"]
[EventRounds "11"]
[EventCountry "BRA"]
[SourceTitle "CBM 122 Extra"]
[Source "ChessBase"]
[SourceDate "2008.03.04"]
[SourceVersion "1"]
[SourceVersionDate "2008.03.04"]
[SourceQuality "1"]

1. e4 g6 2. d4 Bg7 3. Nc3 c5 4. Nf3 cxd4 5. Nxd4 Nc6 6. Be3 d6 7. Bc4 Nf6 8. f3
O-O 9. Qd2 Bd7 10. O-O-O Rc8 11. Bb3 Ne5 12. Kb1 Nc4 13. Bxc4 Rxc4 14. g4 b5
15. b3 Rc8 16. Ndxb5 Qa5 17. a4 a6 18. Nd5 Qxd2 19. Nxe7+ Kh8 20. Rxd2 Rce8 21.
Nxg6+ fxg6 22. Nxd6 Rb8 23. Ba7 Ra8 24. Bc5 Be6 25. Nb7 Rfb8 26. Na5 Bxg4 27.
e5 Bxf3 28. exf6 Bxh1 29. fxg7+ Kxg7 30. Rd7+ Kg8 31. Bd4 Rd8 32. Rg7+ Kf8 33.
Bb2 Rd1+ 34. Ka2 Rd2 35. Rxh7 Rxc2 36. Nc4 Rd8 37. h4 Rh2 38. Ka3 Rd1 39. Rh8+
Ke7 40. Rh7+ Kf8 41. Rh8+ Ke7 42. Rh7+ Kf8 43. Rh8+ 1/2-1/2

[Event "Mineiro-ch"]
[Site "Sao Sebastiao"]
[Date "2008.01.08"]
[Round "10"]
[White "Gazel Pereira, Frederico"]
[Black "Barbosa, Evandro Amorim"]
[Result "0-1"]
[WhiteElo "2250"]
[BlackElo "2130"]
[PlyCount "72"]
[EventDate "2008.01.04"]
[EventType "tourn"]
[EventRounds "11"]
[EventCountry "BRA"]
[SourceTitle "CBM 122 Extra"]
[Source "ChessBase"]
[SourceDate "2008.03.04"]
[SourceVersion "1"]
[SourceVersionDate "2008.03.04"]
[SourceQuality "1"]

1. e4 c5 2. Nf3 Nc6 3. Nc3 Nf6 4. Bc4 e6 5. O-O a6 6. Re1 Qc7 7. d3 d6 8. Bf4
Be7 9. a4 O-O 10. h3 b6 11. Bh2 Bb7 12. d4 cxd4 13. Nxd4 Ne5 14. Ba2 Nc4 15. b3
Ne5 16. Re3 Rac8 17. f4 Nc6 18. Nxc6 Bxc6 19. Qe2 Qb7 20. b4 b5 21. axb5 axb5
22. Rd1 Qa7 23. Bb3 Nxe4 24. Nxe4 Bxe4 25. Kh1 d5 26. Bg1 Qb7 27. Rg3 Bf6 28.
Bd4 Bxd4 29. Rxd4 Rc6 30. Qh5 f5 31. Qg5 Qf7 32. Rd2 Qf6 33. Qh5 Rc3 34. Rxc3
Qxc3 35. Rd1 Qg3 36. Rg1 g6 0-1

[Event "Sao Jose de Rio Preto op"]
[Site "Sao Jose de Rio Preto"]
[Date "2008.03.21"]
[Round "2"]
[White "Barbosa, Evandro Amorim"]
[Black "Van Riemsdijk, Herman Claudius"]
[Result "0-1"]
[WhiteElo "2130"]
[BlackElo "2391"]
[PlyCount "80"]
[EventDate "2008.03.20"]
[EventType "swiss"]
[EventRounds "5"]
[EventCountry "BRA"]
[SourceTitle "CBM 123 Extra"]
[Source "ChessBase"]
[SourceDate "2008.05.06"]
[SourceVersion "1"]
[SourceVersionDate "2008.05.06"]
[SourceQuality "1"]

1. e4 e5 2. Nf3 Nc6 3. Bb5 a6 4. Ba4 Nf6 5. O-O Be7 6. Re1 b5 7. Bb3 d6 8. c3
O-O 9. h3 Na5 10. Bc2 c5 11. d4 Qc7 12. Nbd2 cxd4 13. cxd4 Bb7 14. d5 Bc8 15.
b3 Nb7 16. Nf1 b4 17. Ne3 a5 18. Nc4 Bd7 19. Be3 Bb5 20. Bd3 Bxc4 21. Rc1 Nc5
22. Rxc4 Nfd7 23. Bb1 Rfb8 24. Nh2 Qd8 25. f4 Bh4 26. Rf1 Qe7 27. Qh5 Bg3 28.
Ng4 exf4 29. e5 g6 30. Nh6+ Kf8 31. Qd1 Nxe5 32. Bxf4 Bxf4 33. Rcxf4 Rb7 34.
Qd4 f5 35. Bxf5 Kg7 36. Rh4 Rf8 37. Bc2 Rxf1+ 38. Kxf1 Qg5 39. Bd1 Ncd3 40. Kg1
Qc1 0-1

[Event "Sao Jose de Rio Preto op"]
[Site "Sao Jose de Rio Preto"]
[Date "2008.03.21"]
[Round "3"]
[White "Mendonca Campelo, Higor Carlos"]
[Black "Barbosa, Evandro Amorim"]
[Result "0-1"]
[WhiteElo "1943"]
[BlackElo "2130"]
[PlyCount "49"]
[EventDate "2008.03.20"]
[EventType "swiss"]
[EventRounds "5"]
[EventCountry "BRA"]
[SourceTitle "CBM 123 Extra"]
[Source "ChessBase"]
[SourceDate "2008.05.06"]
[SourceVersion "1"]
[SourceVersionDate "2008.05.06"]
[SourceQuality "1"]

1. e4 c5 2. Nf3 Nc6 3. d4 cxd4 4. Nxd4 e5 5. Nb5 d6 6. c4 Be7 7. N1c3 a6 8. Na3
Be6 9. Be2 Bg5 10. Nc2 h6 11. O-O Nf6 12. Ne3 O-O 13. Ned5 Bxc1 14. Rxc1 Bxd5
15. cxd5 Nd4 16. Bd3 Rc8 17. Qd2 Nh5 18. Ne2 Nxe2+ 19. Bxe2 Rxc1 20. Rxc1 Nf4
21. Bf1 Qg5 22. Qe3 Nh3+ 23. Qxh3 Qxc1 24. Qd7 Qc5 25. Qxb7 0-1

[Event "Sao Jose de Rio Preto op"]
[Site "Sao Jose de Rio Preto"]
[Date "2008.03.22"]
[Round "4"]
[White "Polachini, Diego"]
[Black "Barbosa, Evandro Amorim"]
[Result "0-1"]
[WhiteElo "1971"]
[BlackElo "2130"]
[PlyCount "80"]
[EventDate "2008.03.20"]
[EventType "swiss"]
[EventRounds "5"]
[EventCountry "BRA"]
[SourceTitle "CBM 123 Extra"]
[Source "ChessBase"]
[SourceDate "2008.05.06"]
[SourceVersion "1"]
[SourceVersionDate "2008.05.06"]
[SourceQuality "1"]

1. d4 Nf6 2. Nf3 g6 3. Bf4 Bg7 4. e3 O-O 5. Bd3 d6 6. h3 c5 7. c4 Nh5 8. Bg5
Nc6 9. g4 Nf6 10. Nc3 cxd4 11. exd4 e5 12. d5 Nb4 13. Be4 Qd7 14. Bxf6 Bxf6 15.
a3 Na6 16. Rc1 Bg7 17. Nd2 f5 18. gxf5 gxf5 19. Bg2 Nc5 20. Nf3 e4 21. Ng5 Nd3+
22. Kf1 Nxc1 23. Qxc1 Qe7 24. h4 Bd7 25. Ne2 Qe5 26. b3 Qb2 27. Qxb2 Bxb2 28.
a4 Be5 29. Nh3 a6 30. Rg1 Kh8 31. Nhf4 b5 32. Bh3 bxa4 33. bxa4 Rab8 34. Rg5
Rb1+ 35. Kg2 Rb2 36. Rh5 Rg8+ 37. Rg5 Bf6 38. Rxg8+ Kxg8 39. Nh5 Bxh4 40. Nhf4
Kf7 0-1

[Event "Sao Jose de Rio Preto op"]
[Site "Sao Jose de Rio Preto"]
[Date "2008.03.22"]
[Round "5"]
[White "Barbosa, Evandro Amorim"]
[Black "Viana da Costa, Fernando"]
[Result "1/2-1/2"]
[WhiteElo "2130"]
[BlackElo "2294"]
[PlyCount "57"]
[EventDate "2008.03.20"]
[EventType "swiss"]
[EventRounds "5"]
[EventCountry "BRA"]
[SourceTitle "CBM 123 Extra"]
[Source "ChessBase"]
[SourceDate "2008.05.06"]
[SourceVersion "1"]
[SourceVersionDate "2008.05.06"]
[SourceQuality "1"]

1. e4 c5 2. Nf3 d6 3. d4 cxd4 4. Nxd4 Nf6 5. Nc3 a6 6. Be3 g6 7. f3 Nbd7 8. Qd2
b5 9. O-O-O Bb7 10. Kb1 Rc8 11. Nb3 Ne5 12. Bh6 Qc7 13. Bxf8 Kxf8 14. Qh6+ Kg8
15. Rc1 b4 16. Ne2 d5 17. exd5 Nxd5 18. c4 bxc3 19. Nxc3 Nxc3+ 20. Rxc3 Qd6 21.
Rxc8+ Bxc8 22. Be2 f6 23. Rd1 Qb6 24. Nd4 Nf7 25. Bc4 e6 26. Qh3 Ng5 27. Qh6
Nf7 28. Qh3 Ng5 29. Qh6 1/2-1/2

[Event "Paulista-ch final"]
[Site "Santos"]
[Date "2008.06.26"]
[Round "1"]
[White "Costa, Romualdo"]
[Black "Barbosa, Evandro Amorim"]
[Result "0-1"]
[WhiteElo "1979"]
[BlackElo "2165"]
[PlyCount "48"]
[EventDate "2008.06.26"]
[EventType "swiss"]
[EventRounds "7"]
[EventCountry "BRA"]
[SourceTitle "CBM 125 Extra"]
[Source "ChessBase"]
[SourceDate "2008.09.01"]
[SourceVersion "1"]
[SourceVersionDate "2008.09.01"]
[SourceQuality "1"]

1. d4 Nf6 2. c4 g6 3. Nc3 Bg7 4. e4 d6 5. f3 O-O 6. Be3 c5 7. Qd2 cxd4 8. Bxd4
Nc6 9. Be3 Be6 10. Bd3 Ne5 11. b3 Qa5 12. Nge2 b5 13. cxb5 d5 14. Bd4 Nxd3+ 15.
Qxd3 dxe4 16. fxe4 Rad8 17. O-O Rd7 18. Qf3 Bg4 19. Qe3 Bxe2 20. Nxe2 Ng4 21.
Qf3 Ne5 22. Qc3 Qxb5 23. Bxe5 Bxe5 24. Qxe5 Qxe5 0-1

[Event "Paulista-ch final"]
[Site "Santos"]
[Date "2008.06.27"]
[Round "2"]
[White "Barbosa, Evandro Amorim"]
[Black "Fusco, Leonardo"]
[Result "0-1"]
[WhiteElo "2165"]
[BlackElo "2365"]
[PlyCount "178"]
[EventDate "2008.06.26"]
[EventType "swiss"]
[EventRounds "7"]
[EventCountry "BRA"]
[SourceTitle "CBM 125 Extra"]
[Source "ChessBase"]
[SourceDate "2008.09.01"]
[SourceVersion "1"]
[SourceVersionDate "2008.09.01"]
[SourceQuality "1"]

1. e4 e6 2. d4 d5 3. e5 c5 4. c3 Nc6 5. Nf3 Nge7 6. Bd3 cxd4 7. cxd4 Nf5 8. Bc2
Nh4 9. Nxh4 Qxh4 10. Be3 f6 11. exf6 Qxf6 12. Nc3 Bd6 13. O-O O-O 14. Qd2 Bd7
15. Rad1 Qh4 16. g3 Qg4 17. f4 Qh3 18. Qe2 Be8 19. g4 Bg6 20. Bxg6 hxg6 21. Nb5
Rad8 22. Bc1 Rfe8 23. Rd3 Qh4 24. g5 Kf8 25. Qg2 Qh7 26. b3 Ne7 27. Nxa7 Nf5
28. Nb5 Kf7 29. Rh3 Qg8 30. Rc3 Rc8 31. Bb2 Rxc3 32. Bxc3 Rc8 33. Qd2 Bb8 34.
a4 Qh7 35. Qe2 Qh3 36. Qf3 Rh8 37. Rf2 Rh4 38. Qxh3 Rxh3 39. Kg2 Rd3 40. Kf1
Nd6 41. Ke2 Rh3 42. Nxd6+ Bxd6 43. Kd2 Rxh2 44. Rxh2 Bxf4+ 45. Kd3 Bxh2 46. Bd2
Ke7 47. b4 Kd7 48. b5 b6 49. Ke3 e5 50. dxe5 Ke6 51. Bc3 Bxe5 52. Bxe5 Kxe5 53.
Kd3 d4 54. Kc4 Ke4 55. a5 bxa5 56. b6 d3 57. b7 d2 58. b8=Q d1=Q 59. Qb7+ Kf4
60. Qxg7 Qe2+ 61. Kb3 Kxg5 62. Qc7 Qb5+ 63. Kc3 Qb4+ 64. Kc2 Qe4+ 65. Kb3 a4+
66. Ka3 Qf3+ 67. Ka2 Qb3+ 68. Ka1 Qd1+ 69. Ka2 Qd5+ 70. Kb2 Kg4 71. Qe7 g5 72.
Qa7 Qb3+ 73. Ka1 Qc3+ 74. Ka2 Qc2+ 75. Ka1 Qc1+ 76. Ka2 Qc4+ 77. Ka1 Kf3 78.
Qb7+ Qe4 79. Qf7+ Kg2 80. Qc7 g4 81. Qc2+ Kf3 82. Qd1+ Kf2 83. Qc2+ Qe2 84.
Qf5+ Kg1 85. Qc5+ Kf1 86. Qc1+ Qe1 87. Ka2 g3 88. Qc2 g2 89. Qc1 g1=Q 0-1

[Event "Paulista-ch final"]
[Site "Santos"]
[Date "2008.06.27"]
[Round "3"]
[White "Cirilo, Guilherme de Araujo"]
[Black "Barbosa, Evandro Amorim"]
[Result "0-1"]
[WhiteElo "1800"]
[BlackElo "2165"]
[PlyCount "96"]
[EventDate "2008.06.26"]
[EventType "swiss"]
[EventRounds "7"]
[EventCountry "BRA"]
[SourceTitle "CBM 125 Extra"]
[Source "ChessBase"]
[SourceDate "2008.09.01"]
[SourceVersion "1"]
[SourceVersionDate "2008.09.01"]
[SourceQuality "1"]

1. Nf3 Nf6 2. b3 g6 3. e3 Bg7 4. Bb2 O-O 5. c4 d6 6. d4 Nbd7 7. Be2 c6 8. O-O
Qc7 9. Nc3 Re8 10. h3 e5 11. Re1 e4 12. Nd2 Nf8 13. Rc1 h5 14. b4 Bf5 15. b5
N8h7 16. bxc6 bxc6 17. d5 c5 18. Qa4 Qe7 19. Rb1 Nd7 20. Nb5 Ne5 21. Bxe5 Bxe5
22. Bf1 a6 23. Na3 Qg5 24. g3 Bxg3 25. fxg3 Qxg3+ 26. Bg2 Bxh3 27. Re2 Bxg2 28.
Rxg2 Qxe3+ 29. Kh1 Nf6 30. Rf1 Ng4 31. Nc2 Qh3+ 32. Kg1 Rad8 33. Qa5 Rd7 34.
Qxa6 Qd3 35. Qa4 Rde7 36. Qb3 f5 37. Re1 Qxb3 38. axb3 f4 39. Rge2 e3 40. Nf3
Ne5 41. Ng5 Kg7 42. Kf1 Kh6 43. Ne6 Nf3 44. Ra1 Ng5 45. Nxg5 Kxg5 46. Rg2+ Kf5
47. Ke2 g5 48. b4 g4 0-1